O fiskální politice v roce 1992 - a nejen o ní.
Ekonomický vývoj ČSFR v roku 1992. Zámery fiškálnej politiky a jej reakcia na ekonomický vývoj. Priebeh kupónovej privatizácie. Cenové zmeny. Opatrenia menovej politiky.
Enregistré dans:
| Auteur principal: | |
|---|---|
| Format: | Chapitre de livre |
| Langue: | tchèque |
| Sujets: | |
| Tags: |
Pas de tags, Soyez le premier à ajouter un tag!
|
MARC
| LEADER | 00000naa a2200000 4500 | ||
|---|---|---|---|
| 001 | r012226 | ||
| 005 | 20230221121001.6 | ||
| 041 | 0 | |a cze | |
| 044 | |a CZ | ||
| 245 | 1 | 0 | |a O fiskální politice v roce 1992 - a nejen o ní. |c Věra Kameníčková |
| 520 | |a Ekonomický vývoj ČSFR v roku 1992. Zámery fiškálnej politiky a jej reakcia na ekonomický vývoj. Priebeh kupónovej privatizácie. Cenové zmeny. Opatrenia menovej politiky. | ||
| 610 | 2 | 0 | |a politika fiškálna |
| 610 | 2 | 0 | |a politika menová |
| 610 | 2 | 0 | |a vývoj hospodársky |
| 610 | 2 | 0 | |a ČSFR |
| 610 | 2 | 0 | |a 1992 |
| 610 | 2 | 0 | |a privatizácia |
| 100 | 1 | |a Kameníčková, Věra | |